书目信息 |
| 题名: |
朱熹研究
|
|
| 作者: | 束景南 著 | |
| 分册: | ||
| 出版信息: | 北京 人民出版社 2008 |
|
| 页数: | 40,350页 | |
| 开本: | 24cm | |
| 丛书名: | 浙江文化研究工程成果文库 | |
| 单 册: | ||
| 中图分类: | B244.75 | |
| 科图分类: | ||
| 主题词: | ||
| 电子资源: | ||
| ISBN: | 978-7-01-007171-8 | |
| 000 | 01065oam2 22002771 45 | |
| 001 | 1033001609 | |
| 005 | 20100407171531.06 | |
| 010 | @a978-7-01-007171-8@dCNY55.00 | |
| 100 | @a20100331d2008 em y0chiy50 ea | |
| 101 | 0 | @achi |
| 102 | @aCN@b110000 | |
| 105 | @ay z 000yd | |
| 106 | @ar | |
| 200 | 1 | @a朱熹研究@AZhu Xi Yan Jiu@f束景南著@FShu Jing Nan Zhu |
| 210 | @a北京@c人民出版社@d2008 | |
| 215 | @a40,350页@d24cm | |
| 225 | 2 | @a浙江文化研究工程成果文库@i南宋史研究丛书 |
| 300 | @a国家“十一五”重点图书出版规划项目 杭州市社会科学院重大课题 | |
| 330 | @a本书介绍了朱熹的仁政爱民思想,应该说是承继了中国传统文化思想中的优秀的方面。然而他的对民施行“仁政”又是同他的对民施行封建三纲五常的教化紧密结合在一起的,因此他的仁政爱民也没有超越儒家伦理理性的藩篱。 | |
| 461 | 0 | @12001 @a浙江文化研究工程成果文库@i南宋史研究丛书 |
| 600 | 0 | @a朱熹@f(1130~1200)@x人物研究 |
| 600 | 0 | @a朱熹@f(1130~1200) |
| 690 | @aB244.75@v4 | |
| 701 | 0 | @a束景南@AShu Jing Nan@f(1945.12~)@4著 |
| 801 | 0 | @aCN@bTANGWEI@c20100407 |
| 905 | @b0587350-54@dB244.75@e42@f5 | |
| 朱熹研究/束景南著.-北京:人民出版社,2008 |
| 40,350页;24cm.-(浙江文化研究工程成果文库.南宋史研究丛书) |
| 国家“十一五”重点图书出版规划项目 杭州市社会科学院重大课题 |
| ISBN 978-7-01-007171-8:CNY55.00 |
| 本书介绍了朱熹的仁政爱民思想,应该说是承继了中国传统文化思想中的优秀的方面。然而他的对民施行“仁政”又是同他的对民施行封建三纲五常的教化紧密结合在一起的,因此他的仁政爱民也没有超越儒家伦理理性的藩篱。 |
| ● |
| 相关链接 |
|
|
|
|
正题名:朱熹研究
索取号:B244.75/42
 
预约/预借
| 序号 | 登录号 | 条形码 | 馆藏地/架位号 | 状态 | 备注 |
| 1 | 0587350 | 205873508 | 第一样本阅览室/ [索取号:B244.75/42] | 在馆 | |
| 2 | 0587351 | 205873517 | 第一借阅区/ [索取号:B244.75/42] | 在馆 | |
| 3 | 0587352 | 205873526 | 第一借阅区/ [索取号:B244.75/42] | 在馆 | |
| 4 | 0587353 | 205873535 | 第一借阅区/ [索取号:B244.75/42] | 在馆 | |
| 5 | 0587354 | 205873544 | 第一借阅区/ [索取号:B244.75/42] | 在馆 |